La incidencia de la Ley de Igualdad sobre la acumulación de acciones y la indemnización por daños y perjuicios (Registro nro. 38629)
[ vista simple ]
| 000 -CABECERA | |
|---|---|
| Longitud fija campo de control | 01094naa a2200289 c 4500 |
| 001 - NÚMERO DE CONTROL | |
| Número de control | 38629 |
| 003 - IDENTIFICADOR DE NÚMERO DE CONTROL | |
| Identificador del número de control | ES-MaCES |
| 005 - FECHA Y HORA DE LA ÚLTIMA TRANSACCIÓN | |
| Fecha y hora de la última transacción | 20231206040007.0 |
| 008 - CAMPO FIJO DE DESCRIPCIÓN FIJA--INFORMACIÓN GENERAL | |
| Códigos de información de longitud fija | 090326n2009 sp t 000 | spa d |
| 035 ## - NÚMERO DE CONTROL DEL SISTEMA | |
| Número de control del sistema | CES20090000684v |
| 040 ## - FUENTE DE CATALOGACIÓN | |
| Centro catalogador de origen | ES-MaCES |
| Lengua de catalogación | spa |
| Centro transcriptor | ES-MaCES |
| 100 1# - ENCABEZAMIENTO PRINCIPAL--NOMBRE PERSONAL | |
| Nombre de persona | Morales Ortega, José Manuel |
| 9 (RLIN) | 19012 |
| 245 13 - MENCIÓN DE TÍTULO | |
| Título | La incidencia de la Ley de Igualdad sobre la acumulación de acciones y la indemnización por daños y perjuicios |
| Resto del título | José M. Morales Ortega |
| 500 ## - NOTA GENERAL | |
| Nota general | Resumen |
| 610 17 - ASIENTO SECUNDARIO DE MATERIA--NOMBRE CORPORATIVO | |
| Nombre de entidad corporativa o nombre de jurisdicción como elemento inicial | España |
| Título de la obra | Ley orgánica para la igualdad efectiva de mujeres y hombres, 2007 |
| Fuente de encabezamiento o término | |
| 9 (RLIN) | 3183 |
| 650 #4 - ASIENTO SECUNDARIO DE MATERIA--TÉRMINO DE MATERIA | |
| Término de materia o nombre geográfico como elemento inicial | indemnización |
| 9 (RLIN) | 30642 |
| 650 #4 - ASIENTO SECUNDARIO DE MATERIA--TÉRMINO DE MATERIA | |
| Término de materia o nombre geográfico como elemento inicial | derechos de la mujer |
| 9 (RLIN) | 27173 |
| 650 #4 - ASIENTO SECUNDARIO DE MATERIA--TÉRMINO DE MATERIA | |
| Término de materia o nombre geográfico como elemento inicial | conciliación |
| 9 (RLIN) | 27303 |
| 650 #4 - ASIENTO SECUNDARIO DE MATERIA--TÉRMINO DE MATERIA | |
| Término de materia o nombre geográfico como elemento inicial | discriminación |
| 9 (RLIN) | 27180 |
| 650 #4 - ASIENTO SECUNDARIO DE MATERIA--TÉRMINO DE MATERIA | |
| Término de materia o nombre geográfico como elemento inicial | igualdad de oportunidades |
| 9 (RLIN) | 27183 |
| 650 #4 - ASIENTO SECUNDARIO DE MATERIA--TÉRMINO DE MATERIA | |
| Término de materia o nombre geográfico como elemento inicial | mujeres |
| 9 (RLIN) | 28657 |
| 653 10 - TÉRMINO DE INDEXACIÓN--NO CONTROLADO | |
| Término no controlado | Jurisprudencia |
| 773 0# - ENTRADA DE DOCUMENTO FUENTE | |
| Título | Relaciones laborales |
| Parte(s) relacionada(s) | año 25, n. 3 (8 feb. 2009){10194 R. 073499}; p. 13-40 |
| Número de control del registro relacionado | (ES-MaCES)25210 |
| Itemnumber del ítem fuente | 43068 |
| 902 ## - CES. TIPO DE DOCUMENTO | |
| Tipodoc (006$c Sirtex) | ART Artículo de revista |
| 942 ## - ELEMENTOS KOHA | |
| Fuente de clasificaión o esquema | Clasificación propia del CES |
| Koha [por defecto] tipo de item | Artículos (1982-2017) |
| Parte de clasificación | 6.2. |
No hay ítems disponibles.
